Регионална библиотека "Любен Каравелов" - Русе

Любов в земята на Мидас (Запис номер 134520)

MARC детайли
000 -Лидер
Контролно поле с фиксирана дължина 01583nam a2200361 c 4500
003 - Код на организацията, давaща контролен номер
Контролно поле BLK
005 - Дата и час на последна редакция
Контролно поле 20230918102105.0
008 - Елементи от данни с фиксирана дължина
fixed length control field 180409b bul|||||r ||||||| ||bul||
010 ## - Наследен системен номер
LC control number KNG00140434000
020 ## - Международен стандартен номер на книга ISBN
Международен стандартен номер на книга ISBN 978-954-28-0873-2
-- издат.: Сиела Софт енд Паблишинг
040 ## - Източник на каталожния запис
Идентификатор на билиотеката - собственик на записа BLK
041 ## - Код за език
Код за езика на текст/звукозапис или на отделно заглавие Български
Код за езика КДБФ Български
072 #7 - Код за тематичната категория
Код организация bullib
Код за тематична категория Н84
Текст Българска художествена литература Н
080 ## - УДК
Текстов определител УДК Българска литература
УДК код - определител по УДК 821.163.2
УДК определител -054.7-31
УДК - код + определител 821.163.2-054.7-31
080 ## - УДК
Текстов определител УДК Английска литература
УДК код - определител по УДК 821.111
УДК определител -31
УДК - код + определител 821.111-31
100 1# - Редна дума - Автор
Автор Касабова, Капка
Авторска отговорност първи автор
R(LIN) 299888
139 ## - Редно поле
Редна дума Касабова, Капка
Авторски знак Кас - К 45
245 10 - Сведения за заглавието
Заглавие Любов в земята на Мидас
Подзаглавни данни Роман
Редно поле (дума) Капка Касабова; прев. от англ. Лиляна Лакова.
257 ## - Страна на издаване
Страна на създаване/издаване Нова Зеландия
260 ## - Област на издателските данни
-- София
Име на издателя, разпространителя и проч. Сиела Софт енд Паблишинг
Година на издаване 2011
300 ## - Физическа характеристика
Страници 275 с.
Размери/Мащаб 21 см
380 ## - Жанр
Жанр Худож. лит.
500 ## - Общи забележки
Забележка Ориг. загл. Love in the Land of Midas / Kapka Kasabova. - Името на прев. отбелязано на гърба на предзагл. с. - Съдържа и за авт.
653 ## - Ключова дума – ненормативна
Ключова дума романи
659 ## - Тематичен бюлетин
Тематичен бюлетин Н
700 1# - Други автори (авторска отговорност)
Лично име Лакова, Лиляна
Автороска отговорност (Описва отношението между автора и произведението) прев. от англ.
9 (RLIN) 279267
852 ## - Местоположение
Форматна сигнатура Цб 258658
856 4# - Електронен адрес и достъп
Електронен формат pdf - файл
Път до файла /url/
856 4# - Електронен адрес и достъп
Електронен формат pdf - файл
Път до файла /url/
942 ## - АРТИКУЛИ
Вид на библиотечния материал Книги
Скрит в OPAC Не
Koha issues (borrowed), all copies 6
944 ## - СЪЗДАВАНЕ И РЕДАКЦИЯ на ЗАПИСА
Създаване/Редакция Създаване
Дата на регистрацията/редакция 07.03.2013
Статус, дата на статуса Галина Якимова
Служител, извършил регистрацията/редакцията 30564
944 ## - СЪЗДАВАНЕ И РЕДАКЦИЯ на ЗАПИСА
Създаване/Редакция Редакция
Дата на регистрацията/редакция 23.05.2013
Статус, дата на статуса ф /
Служител, извършил регистрацията/редакцията
999 ## - СИСТЕМНИ КОНТРОЛНИ НОМЕРА
Koha biblionumber 134520
Koha biblioitemnumber 134520
Наличности
Код за отписване Код за изгубен артикул Код за повреда Коз за рестрикции Код за отдаване Артикулен № Име на библиотеката - собственик Име на библиотеката, в която се намира в момента Статус (Текущо местоположение) Дата на вписване в системата Местоположение - отдел Цена в лева Инвентарен номер Систематично азбучна сигнатура Баркод Номер на екземпляра Цена в евро Служебна бележка Служебен тип на артикула
  Не е изгубен Не е повреден без рестрикции заемане за дома 219806 Регионална библиотека "Любен Каравелов" Русе Регионална библиотека "Любен Каравелов" Русе Заемна - подръчен фонд 2013-03-07 Заемна - подръчен фонд 7.00 120000764797 П 886.7-31/К 45 120000764797 1 3.58 Дост: Pk Вид: Ф N: 422 Дата: 03.03.2013 Дата инв: 13.02.2018 Бележки инв: ?????????? Книги
  Не е изгубен Не е повреден без рестрикции ползва се в читалня 219807 Регионална библиотека "Любен Каравелов" Русе Регионална библиотека "Любен Каравелов" Русе Хранилище 2013-03-12 Хранилище 14.00 120000764880 Цб 258658 120000764880 2 7.16 Дост: Dp Вид: Д N: 46 Дата: 07.11.2011 Книги
  Не е изгубен Не е повреден без рестрикции заемане за дома 219808 Регионална библиотека "Любен Каравелов" Русе Регионална библиотека "Любен Каравелов" Русе Заемна - подръчен фонд 2013-05-21 Заемна - подръчен фонд 14.00 120000766031 П 886.7-31/К 45 120000766031 3 7.16 Дост: DA Вид: А N: 6 Дата: 21.05.2013 Дата инв: 13.02.2018 Бележки инв: П2018 Книги
Vip Innovations Ltd, Rousse, Bulgaria 2025